Pesticide residues in food- 1994
Uloženo v:
| Korporativní autor: | |
|---|---|
| Médium: | Kniha |
| Jazyk: | angličtina |
| Vydáno: |
Roma
FAO
1995
|
| Témata: | |
| Tagy: |
Přidat tag
Žádné tagy, Buďte první, kdo vytvoří štítek k tomuto záznamu!
|
MARC
| LEADER | 00000nam a2200000 a 4500 | ||
|---|---|---|---|
| 001 | UCR3069 | ||
| 003 | CL-VaPUC | ||
| 008 | 980123e19950000IT |||||||||||||||||eng|d | ||
| 082 | 0 | 4 | |a 363.192 |b FAO |2 21 |
| 110 | 2 | |a FAO |e author |9 401854 | |
| 245 | 1 | 0 | |a Pesticide residues in food- 1994 |
| 300 | |a v | ||
| 942 | |c BK | ||
| 945 | |d 19980123 00:00:00 |a jquezada | ||
| 260 | |a Roma |b FAO |c 1995 | ||
| 500 | |a v.1 | ||
| 500 | |a v.2: Residues | ||
| 650 | 0 | |a Plaguicidas |9 259645 | |
| 650 | 0 | |a Alimentos |9 256203 | |
| 650 | 7 | |a CONTAMINANTES |2 CL-VaPUC |9 259641 | |
| 650 | 7 | |a CONTAMINANTES INDUSTRIALES |2 CL-VaPUC |9 401855 | |
| 583 | |a last modification |c 19980123 00:00:00 |k Rodrigo Vera | ||
| 999 | |c 266177 |d 266175 | ||